| 000 | 00545 a2200169 4500 | ||
|---|---|---|---|
| 020 | _a0815132824 | ||
| 050 |
_aRC59.C6 _b.F73 1981 |
||
| 100 |
_aFregert, Sigfrid _qSigfrid Fregert . _95109 |
||
| 245 |
_aManual of contact dermatitis / _cSigfrid Fregert . |
||
| 250 | _a2nd ed . | ||
| 260 |
_aCopenhagen : Munksgaard ; Chicago : _bYear Book Medical Publishers ; _cc1918 |
||
| 300 |
_a139 p .: _c12 cm . |
||
| 650 |
_aContact dermatitis. _95110 |
||
| 650 |
_aDermatitis, _95111 |
||
| 650 |
_aContact Eczm̌a de contac _95112 |
||
| 942 |
_2lcc _cBK _n0 |
||
| 999 |
_c2550 _d2550 |
||